|
|
|
|
| LEADER |
00000nam a22000007a 4500 |
| 005 |
20210803234435.0 |
| 007 |
cr|||| ||| |
| 008 |
210803s2021 es |||||s|||| 00||0 spa d |
| 020 |
|
|
|a 978-84-1377-492-3
|
| 035 |
|
|
|a 35082
|
| 040 |
|
|
|a vLex
|
| 090 |
|
|
|c 11890
|d 11890
|
| 245 |
0 |
0 |
|a Ley Orgǹica 3/2021, de 24 de marzo, de regulacin̤ de la eutanasia
|h [Recurso electrn̤ico] /
|
| 256 |
|
|
|a Servicio en ln̕ea
|
| 260 |
|
|
|a Madrid:
|b Dykinson,
|c 2021
|
| 300 |
|
|
|a 1 recurso electrn̤ico
|
| 506 |
1 |
|
|a Disponible solo en los productos indicados
|d vLex Global
|d vLex Global (Academic Edition, excluding Law Schools)
|d vLex Global (U.S. Academic Edition, Law Schools)
|d vLex Global (U.S. Academic Edition, excluding Law Schools)
|d vLex Global (Academic Edition, Law Schools)
|
| 650 |
0 |
4 |
|a Derecho Constitucional
|z Espaą
|
| 740 |
0 |
|
|a vLex Libros (Servicio en ln̕ea)
|
| 856 |
4 |
0 |
|u https://app.vlex.com/#/sources/35082
|z Acceso restringido
|
| 942 |
|
|
|c BOOK
|
| 999 |
0 |
|
|a Constitutional right
|